Losowe angielskie słowa - Statystyki

Ogólne statystyki
  • Ten quiz został rozwiązany 343 razy
  • Średni wynik to 28 z 30
Statystyki odpowiedzi
Angielski Polski % Poprawnych
Money Pieniądze
100%
Cake Ciasto
99%
Cat Kot
99%
Sun Słońce
99%
Test Sprawdżian
99%
Balloon Balon
98%
Snowman Bałwan
98%
Body Ciało
98%
Rain Deszcz
98%
Fire Ogień
98%
Mountain Góra
97%
Gift Prezent
97%
Read Czytać
96%
Time Godżina
96%
River Rzeka
96%
Finger Palec
95%
Jump Skakać
95%
Listen Słuchać
95%
Message Wiadomość
95%
Box Pudełko
94%
Be Być
93%
They Oni
93%
Bckpack Plecak
93%
War Wojna
93%
Security Ochrona
91%
Peach Brzoskwinia
90%
Do Robić
89%
Country Państwo
86%
Journalist Dżiennikarz
71%
Source Żródło
52%
Nie znaleziono quizów pasujących do podanych kryteriów
Rozkład punktacji
Procent ludzi z każdym wynikiem
Percentyl według liczby udzielonych odpowiedzi
Twoja historia wyników
Nie rozwiązałeś tego quizu